| 000 | 01314nam a22002531i 4500 | ||
|---|---|---|---|
| 001 | 183790 | ||
| 003 | ES-MaACL | ||
| 005 | 20230906221953.0 | ||
| 008 | 141015s1853 sp |||| | spa d | ||
| 100 | 1 |
_aMas, Sinibaldo de ( _d1809-1868) _9129689 |
|
| 245 | 0 | 3 |
_aLa Iberia : _bmemoria sobre las ventajas de la unión de Portugal y España / _c[Sinibaldo de Mas] ; precedida de la traducción del prólogo escrito por "Um jornalista portuguez" [J.M. Latino Coelho] que se lee al frente de la traducción de esta memoria publicada en Lisboa. |
| 250 | _a2ª ed., corr. y aum. por su autor en enero de 1853. | ||
| 260 |
_aMadrid : _b[s.n.], _c1853 ( _fImp. y Estereotipia de M. Rivadeneyra) |
||
| 300 |
_a170 p., [1] h. pleg. de mapa ; _c22 cm. |
||
| 530 | _aDisponible en formato digital. | ||
| 594 | _aAutor tomado del Catálogo de Rebiun e Internet Archive; consta en p. 78 y 88. | ||
| 650 | 4 |
_aIberismo. _9172986 |
|
| 651 | 4 |
_aEspaña- _xRelaciones- _zPortugal. _98476 |
|
| 651 | 4 |
_aPortugal- _xRelaciones- _zEspaña. _99269 |
|
| 700 | 1 |
_aCoelho, José María Latino ( _d1825-1891) _9126522 |
|
| 852 | 4 |
_aES-MaACL _jT-42-F-2 |
|
| 856 | 4 |
_uhttps://archive.org/details/laiberiamemoria00masgoog _zInternet Archive |
|
| 856 | 4 |
_uhttps://archive.org/details/bub_gb_J98AAAAAYAAJ/page/n3/mode/2up _zInternet Archive |
|
| 999 |
_c183790 _d183790 |
||